Exploring the antecedents of franchise internationalization; Journal of Business Research; Vol. 112
| Parent link: | Journal of Business Research Vol. 112.— 2020.— [P. 422-430] |
|---|---|
| 1. Verfasser: | |
| Körperschaft: | |
| Weitere Verfasser: | , |
| Zusammenfassung: | Title screen By building on agency and resource dependence frameworks, this paper examines the effects of board structure on the internationalization of franchising systems. Results from a 14-year longitudinal study of the U.S. franchising brands indicate that board size and multiple directorships are related to franchise internationalization in the form of the inverted U-shaped relationship. Moreover, these effects are also contingent on the degree of board independence. Specifically, they are more pronounced when board independence is high. Managerial implications and directions for future studies are discussed. Доступ по договору с организацией-держателем ресурса |
| Sprache: | Englisch |
| Veröffentlicht: |
2020
|
| Schlagworte: | |
| Online-Zugang: | https://doi.org/10.1016/j.jbusres.2019.11.011 |
| Format: | MixedMaterials Elektronisch Buchkapitel |
| KOHA link: | https://koha.lib.tpu.ru/cgi-bin/koha/opac-detail.pl?biblionumber=665112 |
MARC
| LEADER | 00000naa0a2200000 4500 | ||
|---|---|---|---|
| 001 | 665112 | ||
| 005 | 20250127145221.0 | ||
| 035 | |a (RuTPU)RU\TPU\network\36311 | ||
| 035 | |a RU\TPU\network\33901 | ||
| 090 | |a 665112 | ||
| 100 | |a 20210819d2020 k||y0rusy50 ba | ||
| 101 | 0 | |a eng | |
| 102 | |a NL | ||
| 135 | |a drcn ---uucaa | ||
| 181 | 0 | |a i | |
| 182 | 0 | |a b | |
| 200 | 1 | |a Exploring the antecedents of franchise internationalization |f A. A. Kretinin, S. A. Anokhin, J. Wincent | |
| 203 | |a Text |c electronic | ||
| 300 | |a Title screen | ||
| 330 | |a By building on agency and resource dependence frameworks, this paper examines the effects of board structure on the internationalization of franchising systems. Results from a 14-year longitudinal study of the U.S. franchising brands indicate that board size and multiple directorships are related to franchise internationalization in the form of the inverted U-shaped relationship. Moreover, these effects are also contingent on the degree of board independence. Specifically, they are more pronounced when board independence is high. Managerial implications and directions for future studies are discussed. | ||
| 333 | |a Доступ по договору с организацией-держателем ресурса | ||
| 461 | |t Journal of Business Research | ||
| 463 | |t Vol. 112 |v [P. 422-430] |d 2020 | ||
| 610 | 1 | |a электронный ресурс | |
| 610 | 1 | |a труды учёных ТПУ | |
| 610 | 1 | |a franchising | |
| 610 | 1 | |a internationalization | |
| 610 | 1 | |a corporate governance | |
| 610 | 1 | |a франчайзинг | |
| 610 | 1 | |a интернационализация | |
| 610 | 1 | |a корпоративное управление | |
| 700 | 1 | |a Kretinin |b A. A. |g Andrey | |
| 701 | 1 | |a Anokhin |b S. A. |c economist |c Professor of Tomsk Polytechnic University, Ph.D |f 1977- |g Sergey Aleksandrovich |3 (RuTPU)RU\TPU\pers\46495 | |
| 701 | 1 | |a Wincent |b J. |g Joakim | |
| 712 | 0 | 2 | |a Национальный исследовательский Томский политехнический университет |b Школа инженерного предпринимательства |c (2017- ) |3 (RuTPU)RU\TPU\col\23544 |
| 801 | 2 | |a RU |b 63413507 |c 20210820 |g RCR | |
| 856 | 4 | |u https://doi.org/10.1016/j.jbusres.2019.11.011 | |
| 942 | |c CF | ||